| 000 | 00432nam a2200181Ia 4500 | ||
|---|---|---|---|
| 008 | 220531s9999 xx 000 0 und d | ||
| 041 | _aeng | ||
| 082 | _bJAI | ||
| 100 |
_aJain, L. C. _947419 |
||
| 245 | _aOur Constitution Social Order And Enviornment | ||
| 250 | _a2ND | ||
| 260 |
_bParisar _c2004 |
||
| 300 | _a49 | ||
| 542 | _d07-12-2004 | ||
| 650 |
_aSociology _947420 |
||
| 906 | _d2004-2005 | ||
| 999 |
_c27828 _d27828 |
||